<?xml version="1.0" encoding="UTF-8"?>
<record
    xmlns:xsi="http://www.w3.org/2001/XMLSchema-instance"
    xsi:schemaLocation="http://www.loc.gov/MARC21/slim http://www.loc.gov/standards/marcxml/schema/MARC21slim.xsd"
    xmlns="http://www.loc.gov/MARC21/slim">

  <leader>00251nam a22001217a 4500</leader>
  <datafield tag="040" ind1=" " ind2=" ">
    <subfield code="c">SK</subfield>
  </datafield>
  <datafield tag="082" ind1=" " ind2=" ">
    <subfield code="a">636</subfield>
  </datafield>
  <datafield tag="100" ind1=" " ind2=" ">
    <subfield code="a">DUK CHHENG</subfield>
  </datafield>
  <datafield tag="245" ind1=" " ind2=" ">
    <subfield code="a">&#x1795;&#x179B;&#x17B7;&#x178F;&#x1780;&#x1798;&#x17D2;&#x1798;&#x179F;&#x17B6;&#x1785;&#x17CB;&#x1782;&#x17C4;</subfield>
  </datafield>
  <datafield tag="260" ind1=" " ind2=" ">
    <subfield code="a">RUA</subfield>
    <subfield code="b">DUK</subfield>
    <subfield code="c">2015</subfield>
  </datafield>
  <datafield tag="300" ind1=" " ind2=" ">
    <subfield code="a">95p.</subfield>
  </datafield>
  <datafield tag="942" ind1=" " ind2=" ">
    <subfield code="c">KB</subfield>
  </datafield>
  <datafield tag="999" ind1=" " ind2=" ">
    <subfield code="c">10840</subfield>
    <subfield code="d">10840</subfield>
  </datafield>
  <datafield tag="952" ind1=" " ind2=" ">
    <subfield code="0">0</subfield>
    <subfield code="1">0</subfield>
    <subfield code="2">ddc</subfield>
    <subfield code="4">0</subfield>
    <subfield code="6">636_000000000000000_DUK_2015_C276_OR_1</subfield>
    <subfield code="7">0</subfield>
    <subfield code="9">56698</subfield>
    <subfield code="a">LBC</subfield>
    <subfield code="b">LBC</subfield>
    <subfield code="c">C276</subfield>
    <subfield code="d">2016-11-10</subfield>
    <subfield code="o">636 DUK 2015 C276 Or.1</subfield>
    <subfield code="p">A03761</subfield>
    <subfield code="r">2016-11-10</subfield>
    <subfield code="y">KB</subfield>
  </datafield>
  <datafield tag="952" ind1=" " ind2=" ">
    <subfield code="0">0</subfield>
    <subfield code="1">0</subfield>
    <subfield code="4">0</subfield>
    <subfield code="6">636_000000000000000_DUK_2015_C276_OR_2</subfield>
    <subfield code="7">0</subfield>
    <subfield code="9">56699</subfield>
    <subfield code="a">LBC</subfield>
    <subfield code="b">LBC</subfield>
    <subfield code="c">C276</subfield>
    <subfield code="d">2016-11-10</subfield>
    <subfield code="o">636 DUK 2015 C276 Or.2</subfield>
    <subfield code="p">A03269</subfield>
    <subfield code="r">2016-11-10</subfield>
    <subfield code="y">KB</subfield>
  </datafield>
  <datafield tag="952" ind1=" " ind2=" ">
    <subfield code="0">0</subfield>
    <subfield code="1">0</subfield>
    <subfield code="4">0</subfield>
    <subfield code="6">636_000000000000000_DUK_2015_C276_OR_3</subfield>
    <subfield code="7">0</subfield>
    <subfield code="9">56700</subfield>
    <subfield code="a">LBC</subfield>
    <subfield code="b">LBC</subfield>
    <subfield code="c">C276</subfield>
    <subfield code="d">2016-11-10</subfield>
    <subfield code="l">1</subfield>
    <subfield code="o">636 DUK 2015 C276 Or.3</subfield>
    <subfield code="p">A03903</subfield>
    <subfield code="r">2018-12-12</subfield>
    <subfield code="s">2018-12-03</subfield>
    <subfield code="y">KB</subfield>
  </datafield>
  <datafield tag="952" ind1=" " ind2=" ">
    <subfield code="0">0</subfield>
    <subfield code="1">0</subfield>
    <subfield code="4">0</subfield>
    <subfield code="6">636_000000000000000_DUK_2015_C276_OR_4</subfield>
    <subfield code="7">0</subfield>
    <subfield code="9">56701</subfield>
    <subfield code="a">LBC</subfield>
    <subfield code="b">LBC</subfield>
    <subfield code="c">C276</subfield>
    <subfield code="d">2016-11-10</subfield>
    <subfield code="o">636 DUK 2015 C276 Or.4</subfield>
    <subfield code="p">A03448</subfield>
    <subfield code="r">2016-11-10</subfield>
    <subfield code="y">KB</subfield>
  </datafield>
  <datafield tag="952" ind1=" " ind2=" ">
    <subfield code="0">0</subfield>
    <subfield code="1">0</subfield>
    <subfield code="4">0</subfield>
    <subfield code="6">636_000000000000000_DUK_2015_C276_OR_5</subfield>
    <subfield code="7">0</subfield>
    <subfield code="9">56702</subfield>
    <subfield code="a">LBC</subfield>
    <subfield code="b">LBC</subfield>
    <subfield code="c">C276</subfield>
    <subfield code="d">2016-11-10</subfield>
    <subfield code="o">636 DUK 2015 C276 Or.5</subfield>
    <subfield code="p">A03813</subfield>
    <subfield code="r">2016-11-10</subfield>
    <subfield code="y">KB</subfield>
  </datafield>
</record>
